000
00339nam a2200133Ia 4500
008
220216s9999 xx 000 0 und d
100
_a
Nor Mohd
245
0
_a
Pulp and paper from rubberwood
260
_b
Rubberwood: Processing and utilization
_c
1994
300
_a
201-206
650
_a
Rubberwood
700
_a
Yusoff Mohd
942
_c
JS
999
_c
66092
_d
66092